Movies Quiz

Random Movies or Star Wars Quiz

Star Wars Crawl (Episode II) Quiz Stats

 Plays Quiz Updated Feb 21, 2020

Support Sporcle.
Go Orange.
Score 0/80 Timer 06:00
1 Play Today
% Correct
the
94.5%
the
94.5%
the
94.5%
the
94.5%
the
94.5%
the
94.5%
the
94.5%
the
94.5%
the
94.5%
THE
94.5%
the
94.5%
an
83.4%
Jedi
81.4%
Jedi...
81.4%
of
78.7%
of
78.7%
of
78.7%
of
78.7%
OF
78.7%
in
75.2%
in
75.2%
is
71.6%
is
71.6%
Republic.
69.3%
REPUBLIC
69.3%
for
68.1%
to
65.8%
to
65.8%
to
65.8%
to
65.8%
to
65.8%
Senate.
65%
Senate
65%
and
62.7%
galaxy.
62.1%
Galactic
61.7%
Galactic
61.7%
Naboo,
61%
Amidala,
58.6%
on
57.8%
% Correct
Senator
57.5%
ARMY
57.1%
Queen
55.9%
it
54.8%
Dooku,
53.3%
Count
52.9%
Knights
47.9%
peace
45.7%
former
44.2%
There
43%
has
39.8%
order
38.1%
separatist
36.2%
have
35.7%
vote
35.6%
systems
32.8%
assist
31%
This
31%
mysterious
29.5%
under
29.1%
unrest
29.1%
their
28.1%
leave
26.8%
movement,
26.2%
maintain
26.2%
leadership
25.8%
overwhelmed
25.2%
creating
24.5%
thousand
24.2%
Several
24%
issue
22.5%
number
22.5%
difficult
22.4%
made
22.3%
solar
22.1%
returning
21.9%
declared
20.4%
intentions
20.3%
limited
18.8%
critical
16.9%

You're not logged in!

Compare scores with friends on all Sporcle quizzes.
OR
Log In

From the Vault

Hangman - Film

by PenguinsMeercats

Everyone's favorite time killing game is now on everyone's favorite time killing website.
Remove Ads.
Support Sporcle.
Get the best of Sporcle when you Go Orange. This ad-free experience offers more features, more stats, and more fun while also helping to support Sporcle. Thank you for becoming a member.

Show Comments

Extras

Top Quizzes Today


Score Distribution

Your Account Isn't Verified!

In order to create a playlist on Sporcle, you need to verify the email address you used during registration. Go to your Sporcle Settings to finish the process.

Report this User

Report this user for behavior that violates our Community Guidelines.

Details: